| 000 | 00442nmm a2200145Ia 4500 | ||
|---|---|---|---|
| 008 | 251105s9999||||xx |||||||||||||||||und|| | ||
| 041 | _aspa | ||
| 100 | _aÁngel Valdés, Gabriel | ||
| 245 | 0 | _aLas primeras aventuras de Aura | |
| 264 |
_a[Santiago de Chile, Chile] : _bEdición Digital, _c2014 |
||
| 300 | _a264 páginas | ||
| 650 | _aTeen & Young Adult Fiction | ||
| 856 | _uhttps://public.digitaliapublishing.com/a/30453 | ||
| 942 | _cCF | ||
| 999 |
_c105266 _d105266 |
||